Príprava verejnej správy pre európsky administratívny priestor SIGMA texty č. 23

Saved in:
Bibliographic Details
Corporate Author: Národohospodárska fakulta EU. Katedra regionálneho rozvoja a geografie
Format: Book
Language:Slovak
Published: Bratislava [Národohospodárska fakulta EU] 2000
Series:Študijné a informačné publikácie Číslo 3
Subjects:
Tags: Add Tag
No Tags, Be the first to tag this record!

MARC

LEADER 00000nam a2200000 4500
001 0150529
005 20240111125507.9
020 |a 80-225-1324-5 
041 0 |a slo 
044 |a SK 
245 1 0 |a Príprava verejnej správy pre európsky administratívny priestor  |b SIGMA texty č. 23 
264 1 |a Bratislava  |b [Národohospodárska fakulta EU]  |c 2000 
300 |a 210 s. 
490 1 |a Študijné a informačné publikácie  |v Číslo 3 
830 0 |a Študijné a informačné publikácie  |v Číslo 3 
610 2 0 |a správa verejná 
610 2 0 |a administratíva 
610 2 0 |a rozvoj regionálny 
610 2 0 |a Slovensko 
710 2 |a Národohospodárska fakulta EU. Katedra regionálneho rozvoja a geografie